000
00304nam a22001337a 4500
008
170222b xxu||||| |||| 00| 0 eng d
020
_a
56176
041
_a
eng
080
_2
2ND
_a
616.31
100
_a
5
101
_a
SHS
245
_a
DIFFERENTIAL DIAGNOSIS OF ORAL LESSONS
_c
WOOD, N.K
942
_2
udc
_c
BK
999
_c
6050
_d
6050